[Event "NAYCC U12"]
[Site "Kingston CAN"]
[Date "2019.08.18"]
[Round "5.79"]
[White "Liu, Aaron"]
[Black "Bocan, Richard"]
[Result "1/2-1/2"]
[WhiteElo "1565"]
[BlackElo "1601"]
[PlyCount "50"]
[EventDate "2019.08.16"]
[EventType "swiss"]
[EventRounds "9"]
[EventCountry "CAN"]

1. e4 c6 2. d4 d5 3. Nc3 dxe4 4. Nxe4 Nf6 5. Nxf6+ exf6 6. Nf3 Bd6 7. Bd3 O-O
8. O-O Re8 9. c3 Nd7 10. Qc2 Nf8 11. Bd2 Bg4 12. Nh4 Qc7 13. h3 Be6 14. Nf5
Bxf5 15. Bxf5 Re7 16. f4 Rae8 17. c4 c5 18. d5 Re2 19. Bd3 R2e7 20. a3 Rb8 21.
b4 b6 22. b5 Ra8 23. a4 Ree8 24. a5 Qb7 25. Qd1 Qd7 1/2-1/2

[Event "NAYCC U12"]
[Site "Kingston CAN"]
[Date "2019.08.18"]
[Round "5.80"]
[White "Zhou, Johnson"]
[Black "He, Samuel"]
[Result "0-1"]
[WhiteElo "1409"]
[BlackElo "1568"]
[PlyCount "102"]
[EventDate "2019.08.16"]
[EventType "swiss"]
[EventRounds "9"]
[EventCountry "CAN"]

1. e4 e5 2. Nf3 Nc6 3. d4 exd4 4. Bc4 Nf6 5. e5 d5 6. Bb5 Nd7 7. Nxd4 Ncxe5 8.
O-O Be7 9. Re1 O-O 10. Nf5 Bf6 11. Nc3 c6 12. Bd3 Nxd3 13. Qxd3 Ne5 14. Nh6+
Kh8 15. Qg3 gxh6 16. Rxe5 Bxe5 17. Qxe5+ f6 18. Qh5 Qe8 19. Qxe8 Rxe8 20. Bxh6
d4 21. Na4 Bf5 22. c3 d3 23. Rd1 Rad8 24. f3 Re2 25. a3 Rc2 26. Kf1 d2 27. Ke2
Bd3+ 28. Ke3 Bb5 29. Nc5 Rc1 30. Rxd2 Re1+ 31. Kf2 Rf1+ 32. Kg3 Rxd2 33. Bxd2
b6 34. Ne4 Rb1 35. b4 Ra1 36. Nxf6 Rxa3 37. Ne4 a5 38. bxa5 bxa5 39. f4 Ra2 40.
f5 Bd3 41. Bf4 Bxe4 42. f6 Rxg2+ 43. Kh3 Rg6 44. Be5 Kg8 45. Kh4 Kf7 46. Kh5
Rxf6 47. Bxf6 Kxf6 48. Kh6 a4 49. c4 a3 50. c5 a2 51. h4 a1=Q 0-1

[Event "NAYCC U12"]
[Site "Kingston CAN"]
[Date "2019.08.18"]
[Round "5.81"]
[White "Fini, Thomas"]
[Black "Huang, Edison"]
[Result "1-0"]
[WhiteElo "1859"]
[BlackElo "1653"]
[PlyCount "137"]
[EventDate "2019.08.16"]
[EventType "swiss"]
[EventRounds "9"]
[EventCountry "CAN"]

1. e4 e6 2. d4 d5 3. e5 c5 4. c3 Nc6 5. Nf3 Qb6 6. Bd3 Bd7 7. dxc5 Bxc5 8. O-O
a5 9. Nbd2 Nh6 10. Nb3 Be7 11. Bxh6 gxh6 12. Qd2 Bf8 13. Nbd4 Nxd4 14. cxd4 Bb5
15. Bxb5+ Qxb5 16. Rac1 Bg7 17. Rc5 Qb4 18. Qc2 O-O 19. Rc1 Rfd8 20. a3 Qb6 21.
Qe2 Rd7 22. h3 Bf8 23. R5c3 Re8 24. R1c2 Ree7 25. Qe3 Rc7 26. Nd2 Rc6 27. Rxc6
bxc6 28. Qc3 Rb7 29. Kf1 Rc7 30. Nb3 a4 31. Nc5 Bxc5 32. Qxc5 Qa6+ 33. Kg1 Qd3
34. Rc3 Qb1+ 35. Kh2 Rc8 36. Qe7 Qf5 37. Rf3 Qh5 38. Rg3+ Qg6 39. Rxg6+ hxg6
40. Qd7 Rb8 41. Qxc6 Rxb2 42. Qxa4 Rxf2 43. Qe8+ Kg7 44. a4 Ra2 45. Qb5 Rd2 46.
a5 Rxd4 47. a6 Rd1 48. a7 Ra1 49. Qb6 Ra4 50. Qb8 d4 51. a8=Q Rxa8 52. Qxa8 d3
53. Qd8 g5 54. Qxd3 f6 55. exf6+ Kxf6 56. Qd6 h5 57. g4 hxg4 58. hxg4 Kf7 59.
Qe5 Ke7 60. Qxg5+ Kd6 61. Qf6 Kd5 62. g5 e5 63. g6 e4 64. g7 e3 65. g8=R e2 66.
Rd8+ Kc4 67. Qc6+ Kb4 68. Rb8+ Ka5 69. Qa8# 1-0

[Event "NAYCC U12"]
[Site "Kingston CAN"]
[Date "2019.08.18"]
[Round "5.82"]
[White "Harish, Neeraj"]
[Black "Liu, Kevin"]
[Result "1-0"]
[WhiteElo "1852"]
[BlackElo "1796"]
[PlyCount "129"]
[EventDate "2019.08.16"]
[EventType "swiss"]
[EventRounds "9"]
[EventCountry "CAN"]

1. e4 c5 2. Nf3 Nc6 3. d4 cxd4 4. Nxd4 g6 5. c4 Bg7 6. Be3 Nf6 7. Nc3 O-O 8.
Be2 d6 9. O-O Bd7 10. f3 a5 11. Ndb5 Ne5 12. Qd2 Rc8 13. b3 Bxb5 14. Nxb5 Ned7
15. Rac1 Ne8 16. Rfd1 Nc5 17. Bf1 b6 18. g3 Nc7 19. Bh3 Ra8 20. Nc3 Qe8 21. Bg2
Rd8 22. f4 e5 23. Nd5 Nxd5 24. Qxd5 Kh8 25. f5 f6 26. Rf1 g5 27. g4 Qf7 28.
Rcd1 Qxd5 29. Rxd5 Rf7 30. Kf2 Kg8 31. Rfd1 Rfd7 32. Kf3 Kf7 33. Bf1 Bf8 34.
Be2 Be7 35. Rh1 h6 36. Bd1 Rb7 37. Rg1 Rh8 38. a3 Na6 39. Rb5 Rhb8 40. Rd5 Rc8
41. Be2 Rh8 42. Rb1 Rhb8 43. b4 axb4 44. axb4 Nc7 45. Rd3 Bf8 46. Bd1 Be7 47.
Ba4 b5 48. cxb5 Nxb5 49. Bb3+ Kg7 50. Rc1 Rc7 51. Rxc7 Nxc7 52. Rc3 Rb7 53. Rc6
Nb5 54. Bd5 Rc7 55. Rxc7 Nxc7 56. Bc6 Bd8 57. b5 Kf8 58. Ba7 Kg7 59. Ke3 h5 60.
h3 hxg4 61. hxg4 Kf7 62. Kd3 Ke7 63. Kc4 d5+ 64. exd5 e4 65. Bc5+ 1-0

[Event "NAYCC U12"]
[Site "Kingston CAN"]
[Date "2019.08.18"]
[Round "5.84"]
[White "Cheng, Adrien"]
[Black "Xu, Jayden"]
[Result "1/2-1/2"]
[WhiteElo "1426"]
[BlackElo "1649"]
[PlyCount "55"]
[EventDate "2019.08.16"]
[EventType "swiss"]
[EventRounds "9"]
[EventCountry "CAN"]

1. e4 e6 2. d4 d5 3. e5 c5 4. c3 Nc6 5. Nf3 Bd7 6. Na3 cxd4 7. cxd4 Bb4+ 8. Bd2
Qb6 9. Bc3 Bxa3 10. bxa3 Nh6 11. Rb1 Qc7 12. Bd3 O-O 13. O-O f6 14. Qc2 f5 15.
Bb4 Rfc8 16. Bd6 Qa5 17. Rb5 Qd8 18. Qd2 b6 19. Rb2 Nf7 20. Ba6 Nxd6 21. exd6
Rcb8 22. Re1 Na5 23. Bd3 Rc8 24. Ng5 Qf6 25. Nf3 Rc6 26. Qf4 Rc3 27. Ne5 Rd8
28. Bf1 1/2-1/2

[Event "NAYCC U12"]
[Site "Kingston CAN"]
[Date "2019.08.18"]
[Round "5.85"]
[White "He, Zekai"]
[Black "Yuan, Edison"]
[Result "1-0"]
[WhiteElo "1318"]
[BlackElo "1745"]
[PlyCount "109"]
[EventDate "2019.08.16"]
[EventType "swiss"]
[EventRounds "9"]
[EventCountry "CAN"]

1. e4 c5 2. Nf3 e6 3. d4 cxd4 4. Nxd4 Nc6 5. Nc3 Qc7 6. Be2 Nf6 7. O-O a6 8.
Be3 Be7 9. a4 O-O 10. f4 d6 11. Kh1 Bd7 12. h3 Rac8 13. Qe1 Nxd4 14. Bxd4 e5
15. Be3 exf4 16. Bxf4 Be6 17. Rd1 Rfe8 18. Qg3 Kh8 19. Bxd6 Qb6 20. Bxe7 Rxe7
21. Rb1 h6 22. Qh4 Bc4 23. Bxc4 Rxc4 24. a5 Qb4 25. Rxf6 Rexe4 26. Nxe4 Rxe4
27. Rxh6+ gxh6 28. Qxh6+ Kg8 29. Qg5+ Kf8 30. c3 Qc4 31. Rd1 Qe2 32. Rd8+ Re8
33. Rxe8+ Kxe8 34. Qc1 Qe5 35. b4 Ke7 36. Qg1 Qxc3 37. Qc5+ Qxc5 38. bxc5 Ke6
39. Kh2 Kf5 40. Kg3 Kg5 41. Kf3 Kf5 42. h4 Ke5 43. g4 Kf6 44. Kf4 Kg6 45. h5+
Kh6 46. Kf5 Kg7 47. g5 Kg8 48. Kf6 Kf8 49. h6 Kg8 50. h7+ Kxh7 51. Kxf7 Kh8 52.
g6 b5 53. g7+ Kh7 54. g8=Q+ Kh6 55. Qg6# 1-0

[Event "NAYCC U12"]
[Site "Kingston CAN"]
[Date "2019.08.18"]
[Round "5.86"]
[White "Zhu, Ricky"]
[Black "Navala, Anthony"]
[Result "1-0"]
[WhiteElo "1472"]
[BlackElo "1348"]
[PlyCount "97"]
[EventDate "2019.08.16"]
[EventType "swiss"]
[EventRounds "9"]
[EventCountry "CAN"]

1. e4 e6 2. Qe2 c6 3. Nf3 d5 4. d3 Nd7 5. g3 Bd6 6. Bg2 Ne7 7. O-O b6 8. Re1
Bb7 9. Nbd2 Rc8 10. c4 dxc4 11. Nxc4 Bb8 12. b3 Nc5 13. d4 Na6 14. Bb2 O-O 15.
Rad1 b5 16. Na3 Qa5 17. Bc1 Bd6 18. Nb1 Nc7 19. a3 b4 20. a4 Na6 21. Nbd2 Qd8
22. Nc4 Bc7 23. h4 Qe8 24. Ng5 h6 25. Nh3 Rd8 26. Nf4 c5 27. Nh5 cxd4 28. Bxh6
f5 29. Bxg7 Qg6 30. Bxf8 Rxf8 31. exf5 Rxf5 32. Bxb7 Rxh5 33. Qxe6+ Qxe6 34.
Rxe6 Nc5 35. Rxe7 Bb6 36. Bf3 Rf5 37. Nxb6 Rxf3 38. Nd5 Nxb3 39. Nxb4 Rc3 40.
Rxa7 Rc4 41. Nd3 Rc3 42. a5 Rc2 43. a6 Nd2 44. Rb7 Nf3+ 45. Kg2 Nxh4+ 46. gxh4
Rxf2+ 47. Kxf2 Kh8 48. Re1 Kg8 49. Re8# 1-0

[Event "NAYCC U12"]
[Site "Kingston CAN"]
[Date "2019.08.18"]
[Round "5.87"]
[White "Cui, Guang Zhu"]
[Black "Iyer, Vedanth"]
[Result "0-1"]
[WhiteElo "735"]
[BlackElo "1525"]
[PlyCount "106"]
[EventDate "2019.08.16"]
[EventType "swiss"]
[EventRounds "9"]
[EventCountry "CAN"]

1. d4 Nf6 2. c4 e6 3. Nc3 Bb4 4. Bg5 Bxc3+ 5. bxc3 d5 6. e3 O-O 7. cxd5 exd5 8.
c4 c6 9. h3 Qa5+ 10. Ke2 Ne4 11. Qd3 Nxg5 12. f3 dxc4 13. Qxc4 Qb5 14. Qxb5
cxb5 15. Kd2 a6 16. Bd3 Nc6 17. h4 Ne6 18. d5 Rd8 19. dxc6 Nc5 20. cxb7 Bxb7
21. Ke2 Nxd3 22. Rd1 Nc5 23. Rc1 Rac8 24. Nh3 Ne6 25. Rxc8 Rxc8 26. Kd3 Rd8+
27. Kc3 Kf8 28. Ng5 Nxg5 29. hxg5 Kg8 30. Rh4 Rd6 31. a4 Rd5 32. Rg4 bxa4 33.
Rxa4 Rxg5 34. Rb4 Rb5 35. Rd4 g6 36. Rd7 Kg7 37. e4 Kf6 38. Kd3 Ke6 39. Rc7 Rb6
40. Ke3 h5 41. Kf4 Bc6 42. Kg5 Bb5 43. g4 hxg4 44. Kxg4 Bd7 45. Kf4 a5 46. Ra7
a4 47. Kg5 Rb1 48. Ra6+ Ke7 49. f4 Rg1+ 50. Kh6 Ra1 51. Kg7 a3 52. Rf6 Be6 53.
f5 gxf5 0-1

[Event "NAYCC U12"]
[Site "Kingston CAN"]
[Date "2019.08.18"]
[Round "5.88"]
[White "Lim, Nicolas"]
[Black "Xie, Austin"]
[Result "0-1"]
[WhiteElo "1222"]
[BlackElo "1872"]
[PlyCount "82"]
[EventDate "2019.08.16"]
[EventType "swiss"]
[EventRounds "9"]
[EventCountry "CAN"]

1. d4 d5 2. c4 e6 3. Nc3 Nf6 4. cxd5 exd5 5. Bg5 Nbd7 6. e3 c6 7. Bd3 Be7 8.
Nge2 O-O 9. Qc2 Re8 10. O-O Nf8 11. Rad1 Bg4 12. f3 Bh5 13. Kh1 Bg6 14. Bxg6
hxg6 15. e4 dxe4 16. fxe4 Nxe4 17. Bxe7 Qxe7 18. Nxe4 Qxe4 19. Qxe4 Rxe4 20.
Ng3 Re7 21. Rfe1 Rxe1+ 22. Rxe1 Rd8 23. Rd1 Ne6 24. Ne2 f5 25. Kg1 Kf7 26. Kf2
Kf6 27. Kf3 Rd5 28. h3 c5 29. Ke3 cxd4+ 30. Nxd4 f4+ 31. Ke4 Rxd4+ 32. Rxd4
Nxd4 33. Kxd4 Kf5 34. Kd3 Ke5 35. Ke2 Ke4 36. b3 g5 37. a3 b5 38. a4 b4 39. a5
Kd4 40. Kd2 a6 41. Kc2 Ke3 0-1

[Event "NAYCC U12"]
[Site "Kingston CAN"]
[Date "2019.08.18"]
[Round "5.89"]
[White "Galvez Villalva, Brian Emiliano"]
[Black "Chen, Andrew"]
[Result "1-0"]
[WhiteElo "1455"]
[BlackElo "1444"]
[PlyCount "165"]
[EventDate "2019.08.16"]
[EventType "swiss"]
[EventRounds "9"]
[EventCountry "CAN"]

1. c4 c5 2. Nc3 Nc6 3. g3 g6 4. Bg2 Bg7 5. d3 Nf6 6. e4 d6 7. Nge2 Bd7 8. O-O
Qc8 9. f4 Bh3 10. Be3 h5 11. Nd5 Bxg2 12. Kxg2 Ng4 13. Rb1 e6 14. h3 exd5 15.
hxg4 Qxg4 16. cxd5 Ne7 17. Ng1 Qxd1 18. Rfxd1 b6 19. b4 cxb4 20. Rxb4 Kd7 21.
Nf3 Rhc8 22. a4 Rc2+ 23. Rd2 Rac8 24. Rf2 R2c3 25. Ne1 Re8 26. Bd2 Ra3 27. Bc1
Ra2 28. Bd2 Ra3 29. Bc1 Rc3 30. Bb2 Nxd5 31. exd5 Rxe1 32. Bxc3 Bxc3 33. Rc4
Ba5 34. Rfc2 b5 35. axb5 Bb6 36. Rb2 Rg1+ 37. Kh2 Rd1 38. Rb3 Rd2+ 39. Kh1 Rd1+
40. Kg2 Rg1+ 41. Kf3 Rf1+ 42. Kg2 Rf2+ 43. Kh3 Re2 44. d4 Rd2 45. Rbb4 f6 46.
Ra4 g5 47. fxg5 fxg5 48. Ra1 g4+ 49. Kh4 Bxd4 50. Rf1 Rh2+ 51. Kg5 Bc5 52. Rf7+
Ke8 53. Kg6 Rd2 54. Rcf4 Kd8 55. Rg7 Rf2 56. Rg8+ Kc7 57. Kxh5 Rb2 58. Rgxg4
Rxb5 59. Rg7+ Kb6 60. g4 Be3 61. Rf5 a5 62. Rg6 Bc5 63. Rg8 a4 64. Ra8 a3 65.
Rff8 Kc7 66. Rfc8+ Kd7 67. Kg6 Rb2 68. Rf8 Kc7 69. Rf7+ Kb6 70. g5 Rd2 71. Rfa7
Rxd5 72. Rxa3 Bxa3 73. Rxa3 Re5 74. Kf6 Re8 75. g6 d5 76. Kf7 Rd8 77. g7 Rd7+
78. Kf6 Rd6+ 79. Ke7 Rg6 80. Kf7 Rxg7+ 81. Kxg7 d4 82. Kf6 Kc5 83. Ke5 1-0

[Event "NAYCC U12"]
[Site "Kingston CAN"]
[Date "2019.08.18"]
[Round "5.90"]
[White "Odrcich, Evan"]
[Black "Adam, Rafael"]
[Result "1/2-1/2"]
[WhiteElo "878"]
[BlackElo "1674"]
[PlyCount "41"]
[EventDate "2019.08.16"]
[EventType "swiss"]
[EventRounds "9"]
[EventCountry "CAN"]

1. e4 c5 2. Nf3 Nc6 3. d4 cxd4 4. Nxd4 d6 5. Nc3 Nf6 6. Be3 a6 7. f3 e5 8. Nb3
Be6 9. Qd2 Be7 10. g4 b5 11. O-O-O Qc7 12. Kb1 Nd7 13. h4 Nb6 14. g5 Rb8 15. f4
exf4 16. Bxf4 Ne5 17. Na5 Nbc4 18. Nxc4 bxc4 19. Qd4 Qb6 20. Qxb6 Rxb6 21. Nd5
1/2-1/2

[Event "NAYCC U12"]
[Site "Kingston CAN"]
[Date "2019.08.18"]
[Round "5.91"]
[White "Li, Neal"]
[Black "Wang, Derek"]
[Result "1/2-1/2"]
[WhiteElo "1166"]
[BlackElo "1579"]
[PlyCount "65"]
[EventDate "2019.08.16"]
[EventType "swiss"]
[EventRounds "9"]
[EventCountry "CAN"]

1. e4 c5 2. c3 Nc6 3. Nf3 e6 4. d4 cxd4 5. cxd4 Bb4+ 6. Bd2 Bxd2+ 7. Qxd2 d5 8.
e5 Nge7 9. Bd3 O-O 10. Nc3 a6 11. O-O Nb4 12. a3 Nxd3 13. Qxd3 Bd7 14. Rac1 Rc8
15. Rc2 Qb6 16. Rfc1 h6 17. h3 Qc6 18. Qd2 Qc4 19. Qf4 Qd3 20. Qd2 Qxd2 21.
Nxd2 Nf5 22. Nb3 b6 23. f4 Rc4 24. Rd2 Rfc8 25. g4 Nh4 26. Rd3 Ba4 27. Nd2 R4c7
28. Rf1 Bc2 29. Re3 Bh7 30. f5 exf5 31. Nxd5 Rb7 32. Rc3 Rd8 33. Ne3 1/2-1/2

[Event "NAYCC U12"]
[Site "Kingston CAN"]
[Date "2019.08.18"]
[Round "5.92"]
[White "Xu, Xinge"]
[Black "Wang, Andrew"]
[Result "1-0"]
[WhiteElo "1266"]
[BlackElo "1416"]
[PlyCount "125"]
[EventDate "2019.08.16"]
[EventType "swiss"]
[EventRounds "9"]
[EventCountry "CAN"]

1. e4 e5 2. Nf3 Nf6 3. Nc3 Nc6 4. Bc4 Nxe4 5. Bxf7+ Kxf7 6. Nxe4 d5 7. Nc3 e4
8. Ng1 Bf5 9. Nge2 d4 10. Nb1 d3 11. cxd3 exd3 12. Ng3 Qe7+ 13. Kf1 Nd4 14.
Nxf5 Nxf5 15. Qf3 Qd7 16. g4 g6 17. gxf5 gxf5 18. Nc3 c6 19. b3 Bb4 20. Bb2
Rae8 21. Qh5+ Kf8 22. Qh6+ Kf7 23. Rg1 Reg8 24. Rxg8 Rxg8 25. Qxh7+ Rg7 26.
Qh5+ Kg8 27. Re1 Kf8 28. Re5 Bd6 29. Qxf5+ Qxf5 30. Rxf5+ Ke8 31. Ne4 Rg6 32.
Nxd6+ Rxd6 33. Re5+ Kf7 34. Re3 b5 35. h4 c5 36. Re5 Rc6 37. f4 a6 38. Kf2 c4
39. Bc3 Kg6 40. Kg3 Kf7 41. h5 Kg8 42. Kg4 Kf7 43. Kg5 Kg8 44. b4 Kf7 45. f5
Rc8 46. Re6 Rd8 47. Rf6+ Kg8 48. h6 a5 49. a3 axb4 50. Bxb4 c3 51. Bxc3 b4 52.
axb4 Kh7 53. Rg6 Rf8 54. Rg7+ Kh8 55. Rf7+ Kg8 56. Rxf8+ Kxf8 57. b5 Ke7 58. b6
Kf7 59. Bb4 Kg8 60. Bf8 Kh8 61. b7 Kg8 62. b8=Q Kf7 63. Qe5 1-0

[Event "NAYCC U12"]
[Site "Kingston CAN"]
[Date "2019.08.18"]
[Round "5.94"]
[White "Qiu, James"]
[Black "Puri, Dylan"]
[Result "1-0"]
[WhiteElo "1551"]
[BlackElo "1072"]
[PlyCount "111"]
[EventDate "2019.08.16"]
[EventType "swiss"]
[EventRounds "9"]
[EventCountry "CAN"]

1. e4 e5 2. Nf3 Nc6 3. Bc4 Bc5 4. c3 Nf6 5. d4 exd4 6. cxd4 Bb4+ 7. Bd2 Bxd2+
8. Nbxd2 d5 9. exd5 Nxd5 10. Qb3 Nce7 11. O-O O-O 12. Rfe1 c6 13. a3 h6 14. Qc2
Nf5 15. Re5 Nde7 16. Rae1 Kh8 17. Bd3 g6 18. R5e4 Nd5 19. Re5 Kg7 20. Bc4 f6
21. R5e2 Nd6 22. Bxd5 cxd5 23. Qc5 Nf7 24. Re7 b6 25. Qc3 Bf5 26. Nh4 Be4 27.
Rc7 Rc8 28. Rxc8 Qxc8 29. Nxe4 dxe4 30. Rxe4 Qxc3 31. bxc3 Rc8 32. Re3 a5 33.
Nf3 Nd6 34. Nd2 Nb5 35. Nb1 Nxd4 36. Kf1 g5 37. cxd4 Rc1+ 38. Re1 Rxe1+ 39.
Kxe1 Kf7 40. Kd2 Ke6 41. Ke2 Kd5 42. Kd3 Kc6 43. a4 f5 44. Nc3 h5 45. Ke3 h4
46. Kf3 Kd6 47. g4 f4 48. h3 Ke7 49. Ke4 Kf6 50. f3 Ke6 51. Nb5 Kf6 52. Kd5 Ke7
53. Ke5 Kf7 54. Kd6 Ke8 55. Kc7 Ke7 56. d5 1-0

[Event "NAYCC U12"]
[Site "Kingston CAN"]
[Date "2019.08.18"]
[Round "5.96"]
[White "Pride, Avian"]
[Black "Prince, Aaron Joseph"]
[Result "0-1"]
[WhiteElo "1116"]
[BlackElo "1137"]
[PlyCount "66"]
[EventDate "2019.08.16"]
[EventType "swiss"]
[EventRounds "9"]
[EventCountry "CAN"]

1. d4 Nf6 2. Nc3 g6 3. e4 d6 4. Nf3 Bg7 5. Be2 O-O 6. O-O Nh5 7. Bd2 c6 8. h3
e5 9. d5 cxd5 10. Nxd5 Be6 11. Ng5 Bxd5 12. exd5 Nf6 13. Bc4 e4 14. Bc3 Qc8 15.
Bb3 Nbd7 16. Re1 Nc5 17. Bxf6 Bxf6 18. Nxe4 Nxe4 19. Rxe4 Bxb2 20. Rb1 Qf5 21.
f3 Bg7 22. g4 Qg5 23. Qe1 f5 24. h4 Qd8 25. gxf5 Qb6+ 26. Kh1 gxf5 27. Ba4 Qc5
28. Re8 Bc3 29. Rxf8+ Rxf8 30. Qe6+ Kh8 31. Rxb7 Rg8 32. Kh2 Qg1+ 33. Kh3 Rg3#
0-1

[Event "NAYCC U12"]
[Site "Kingston CAN"]
[Date "2019.08.18"]
[Round "6.60"]
[White "Ning, Eric"]
[Black "Liang, Jason"]
[Result "0-1"]
[WhiteElo "2135"]
[BlackElo "2250"]
[PlyCount "102"]
[EventDate "2019.08.16"]
[EventType "swiss"]
[EventRounds "9"]
[EventCountry "CAN"]

1. d4 d5 2. c4 e6 3. Nc3 Nf6 4. Bg5 Be7 5. Nf3 O-O 6. e3 b6 7. cxd5 Nxd5 8.
Bxe7 Qxe7 9. Bd3 Bb7 10. Nxd5 exd5 11. O-O c5 12. dxc5 bxc5 13. Rc1 Nd7 14. Bb1
Rfc8 15. Qd3 g6 16. Rfd1 Qf6 17. b3 a5 18. h3 Qb6 19. Qc3 a4 20. bxa4 Rxa4 21.
Ne5 Nxe5 22. Qxe5 Qc6 23. Qg5 Kg7 24. Bc2 Rc4 25. Bb3 Rxc1 26. Rxc1 Qf6 27.
Qxf6+ Kxf6 28. a3 c4 29. Ba2 Ke5 30. f3 Ra8 31. Rc3 Ba6 32. f4+ Kd6 33. Kf2 Rb8
34. Rc2 Kc5 35. Ke1 d4 36. exd4+ Kxd4 37. Kd2 Re8 38. Kd1 c3 39. Rf2 Bd3 40.
Bb3 Rb8 41. Bc2 Bxc2+ 42. Rxc2 Kd3 43. Kc1 Re8 44. Kb1 f5 45. g3 Re3 46. a4 Re4
47. Rc1 Rb4+ 48. Ka2 c2 49. Rf1 Ke2 50. Rh1 Kd2 51. Rh2+ Kc3 0-1

[Event "NAYCC U12"]
[Site "Kingston CAN"]
[Date "2019.08.18"]
[Round "6.62"]
[White "Ajith, Aayush"]
[Black "Xu, Arthur"]
[Result "0-1"]
[WhiteElo "1847"]
[BlackElo "2176"]
[PlyCount "110"]
[EventDate "2019.08.16"]
[EventType "swiss"]
[EventRounds "9"]
[EventCountry "CAN"]

1. d4 d5 2. Nf3 Nf6 3. e3 Bf5 4. c4 e6 5. Nc3 Be7 6. Bd3 Bg6 7. O-O O-O 8. Bxg6
hxg6 9. cxd5 exd5 10. Qb3 b6 11. Ne5 c6 12. Bd2 Qd6 13. Rac1 Nbd7 14. f4 Rac8
15. Qd1 Qe6 16. Qf3 Bb4 17. Rc2 Bxc3 18. Bxc3 Ne4 19. Rfc1 Nxe5 20. dxe5 c5 21.
a3 Qc6 22. h3 Rc7 23. b4 Rfc8 24. Bb2 Qa4 25. Qe2 Qb3 26. Kh2 Rc6 27. bxc5 Rxc5
28. Rxc5 bxc5 29. Qg4 Rb8 30. Ba1 Qxe3 31. Rf1 d4 32. e6 Nf6 33. exf7+ Kxf7 34.
Qh4 Qd3 35. Qf2 Re8 36. f5 gxf5 37. Qxf5 Qxf5 38. Rxf5 Re1 39. Bb2 Rb1 40. Rf2
Ke6 41. Rd2 Ne4 42. Re2 Kd5 43. Rc2 d3 44. Rc1 Rxc1 45. Bxc1 d2 46. Bxd2 Nxd2
47. Kg3 c4 48. Kf2 Kd4 49. Ke2 c3 50. Kd1 Kd3 51. Ke1 c2 52. Kf2 c1=Q 53. Kg3
Ne4+ 54. Kg4 Qg5+ 55. Kf3 Qg3# 0-1

[Event "NAYCC U12"]
[Site "Kingston CAN"]
[Date "2019.08.18"]
[Round "6.63"]
[White "Srinivasan, Hemant"]
[Black "Liu, Henry"]
[Result "0-1"]
[WhiteElo "2066"]
[BlackElo "1952"]
[PlyCount "144"]
[EventDate "2019.08.16"]
[EventType "swiss"]
[EventRounds "9"]
[EventCountry "CAN"]

1. d4 e6 2. c4 Nf6 3. Nf3 Bb4+ 4. Bd2 Bxd2+ 5. Nbxd2 O-O 6. e4 d5 7. Bd3 b6 8.
Qc2 Nc6 9. e5 Nb4 10. Qc3 Nxd3+ 11. Qxd3 dxc4 12. Nxc4 Nd5 13. Ne3 Bb7 14. Nxd5
Qxd5 15. Ng5 g6 16. f3 Rad8 17. Rd1 c5 18. Ne4 Qxd4 19. Qxd4 Rxd4 20. Rxd4 cxd4
21. Nd6 Bd5 22. Kd2 f6 23. Re1 fxe5 24. Rxe5 Rd8 25. Nb5 Bxa2 26. Nxa7 Rd5 27.
Rxe6 Rd7 28. Rxb6 Rxa7 29. Rd6 Rb7 30. Kc2 Bb3+ 31. Kd3 Bd1 32. Kd2 Bxf3 33.
gxf3 Rxb2+ 34. Kd3 Rxh2 35. Rxd4 Kf7 36. Ke4 h5 37. Rd6 Re2+ 38. Kf4 Re6 39.
Rd7+ Kf6 40. Rd5 Rc6 41. Ra5 g5+ 42. Kg3 h4+ 43. Kg4 Rc4+ 44. Kh3 Rc3 45. Kg4
Rc4+ 46. Kh3 Rc1 47. f4 Rc3+ 48. Kg4 Rg3+ 49. Kh5 h3 50. fxg5+ Rxg5+ 51. Rxg5
h2 52. Rg6+ Kf7 53. Rg4 h1=Q+ 54. Kg5 Qd5+ 55. Kh4 Qf3 56. Rg3 Qf5 57. Rg4 Qf2+
58. Rg3 Kf6 59. Kh3 Qe2 60. Kh4 Kf5 61. Rf3+ Ke5 62. Rf8 Qe4+ 63. Kg5 Qg2+ 64.
Kh6 Ke6 65. Kh7 Qe4+ 66. Kg7 Qe5+ 67. Kh7 Qh5+ 68. Kg7 Ke7 69. Rg8 Qf7+ 70. Kh8
Qa2 71. Rg7+ Kf8 72. Kh7 Qh2+ 0-1

[Event "NAYCC U12"]
[Site "Kingston CAN"]
[Date "2019.08.18"]
[Round "6.64"]
[White "Zhong, Kevin"]
[Black "Weng, Nicholas"]
[Result "1-0"]
[WhiteElo "2215"]
[BlackElo "1789"]
[PlyCount "49"]
[EventDate "2019.08.16"]
[EventType "swiss"]
[EventRounds "9"]
[EventCountry "CAN"]

1. e4 c5 2. Ne2 Nc6 3. Nbc3 d6 4. g3 g6 5. Bg2 Bg7 6. d3 Nf6 7. O-O O-O 8. f4
Rb8 9. h3 Nd7 10. g4 b5 11. f5 b4 12. Nd5 Be5 13. h4 e6 14. Bg5 f6 15. fxe6
fxg5 16. exd7 Bxd7 17. Rxf8+ Qxf8 18. hxg5 Bxg4 19. Qd2 Qg7 20. Rf1 Bxe2 21.
Qxe2 Bxb2 22. Qg4 Be5 23. Qe6+ Kh8 24. Rf7 Nd4 25. Qe7 1-0

[Event "NAYCC U12"]
[Site "Kingston CAN"]
[Date "2019.08.18"]
[Round "6.65"]
[White "Sloan, Jed"]
[Black "Latorre, Vincent"]
[Result "1-0"]
[WhiteElo "1942"]
[BlackElo "1859"]
[PlyCount "79"]
[EventDate "2019.08.16"]
[EventType "swiss"]
[EventRounds "9"]
[EventCountry "CAN"]

1. e4 c5 2. Nf3 d6 3. Bb5+ Bd7 4. Bxd7+ Qxd7 5. O-O Nc6 6. Re1 e6 7. c3 Nf6 8.
d4 cxd4 9. cxd4 d5 10. e5 Ng8 11. Nbd2 Nge7 12. Nf1 Ng6 13. h4 h5 14. g3 Be7
15. Bd2 Bd8 16. b3 Nge7 17. Ne3 g6 18. Bc3 O-O 19. Ng5 Kg7 20. Nh3 Rc8 21. Rc1
Bb6 22. Nf4 Bc7 23. g4 hxg4 24. Qxg4 Rh8 25. Qg5 Ng8 26. h5 Bd8 27. Qg4 Nce7
28. hxg6 Nxg6 29. Nh5+ Kf8 30. Bb4+ Be7 31. Nxd5 Bxb4 32. Nxb4 Rd8 33. d5 a5
34. Nc2 Nh6 35. Qg5 Qxd5 36. Ne3 Qd7 37. Red1 Qxd1+ 38. Rxd1 Rxd1+ 39. Nxd1 Ne7
40. Qg7+ 1-0

[Event "NAYCC U12"]
[Site "Kingston CAN"]
[Date "2019.08.18"]
[Round "6.66"]
[White "Mundayat, Abinav"]
[Black "Yuen, Noah"]
[Result "1-0"]
[WhiteElo "2081"]
[BlackElo "1921"]
[PlyCount "61"]
[EventDate "2019.08.16"]
[EventType "swiss"]
[EventRounds "9"]
[EventCountry "CAN"]

1. e4 c5 2. Nf3 d6 3. d4 cxd4 4. Nxd4 Nf6 5. Nc3 a6 6. Nb3 e6 7. g4 b5 8. a3
Bb7 9. Bg2 h6 10. Be3 Nbd7 11. f4 Rc8 12. Qe2 Be7 13. O-O Rxc3 14. bxc3 Bxe4
15. Bd4 Bxg2 16. Qxg2 O-O 17. Rae1 Qc7 18. g5 hxg5 19. fxg5 Ne8 20. g6 Nef6 21.
gxf7+ Kxf7 22. Kh1 Rh8 23. Rg1 Bf8 24. Nd2 Ne5 25. Bxe5 dxe5 26. Ne4 Nxe4 27.
Rxe4 Qxc3 28. Rf1+ Kg8 29. Qf2 Qc6 30. Qxf8+ Kh7 31. Qf3 1-0

[Event "NAYCC U12"]
[Site "Kingston CAN"]
[Date "2019.08.18"]
[Round "6.67"]
[White "Tay, Brian"]
[Black "Zhao, Jeffrey R"]
[Result "1/2-1/2"]
[WhiteElo "1923"]
[BlackElo "2117"]
[PlyCount "43"]
[EventDate "2019.08.16"]
[EventType "swiss"]
[EventRounds "9"]
[EventCountry "CAN"]

1. e4 c5 2. d4 cxd4 3. c3 dxc3 4. Nxc3 Nc6 5. Nf3 d6 6. Bc4 a6 7. O-O Nf6 8.
Bf4 Bg4 9. h3 Bh5 10. g4 Bg6 11. e5 dxe5 12. Nxe5 Nxe5 13. Bxe5 Qxd1 14. Rfxd1
e6 15. Be2 Nd7 16. Bg3 Nb8 17. Bf3 Nc6 18. Rac1 Be7 19. Nb5 O-O 20. Nd4 Nxd4
21. Rxd4 Bf6 22. Rb4 1/2-1/2

[Event "NAYCC U12"]
[Site "Kingston CAN"]
[Date "2019.08.18"]
[Round "6.68"]
[White "Li, Eric"]
[Black "Lancman, Kyle"]
[Result "0-1"]
[WhiteElo "1337"]
[BlackElo "1806"]
[PlyCount "32"]
[EventDate "2019.08.16"]
[EventType "swiss"]
[EventRounds "9"]
[EventCountry "CAN"]

1. e4 c5 2. Nc3 g6 3. f4 Bg7 4. Nf3 Nc6 5. Bb5 Nd4 6. Bc4 e6 7. d3 Ne7 8. O-O
O-O 9. Ne2 Nxf3+ 10. Rxf3 d5 11. exd5 exd5 12. Bb3 Bg4 13. Rf1 Nf5 14. Qd2 Qh4
15. Bxd5 Bxe2 16. Re1 Bd4+ 0-1

[Event "NAYCC U12"]
[Site "Kingston CAN"]
[Date "2019.08.18"]
[Round "6.69"]
[White "Vidyarthi, Vyom"]
[Black "Liu, Joshua"]
[Result "1-0"]
[WhiteElo "2205"]
[BlackElo "1562"]
[PlyCount "69"]
[EventDate "2019.08.16"]
[EventType "swiss"]
[EventRounds "9"]
[EventCountry "CAN"]

1. d4 Nf6 2. Bf4 d5 3. e3 e6 4. Nf3 c5 5. c3 Nc6 6. Nbd2 Be7 7. h3 O-O 8. Bd3
c4 9. Bc2 b5 10. O-O b4 11. Ba4 Bd7 12. Qc2 Qa5 13. Bxc6 Bxc6 14. cxb4 Bxb4 15.
a3 Be7 16. b3 Rac8 17. bxc4 Bb5 18. Ne5 dxc4 19. Ndxc4 Qa6 20. Rfc1 Nd5 21. Qb3
Nxf4 22. exf4 f6 23. a4 Bxc4 24. Nxc4 Rc7 25. Ne3 Rd7 26. f5 Rxd4 27. fxe6 Rd6
28. Nf5 Rxe6 29. Re1 Kf7 30. Nd4 Ke8 31. Rxe6 Qc8 32. Rae1 Rf7 33. Nf5 Kd8 34.
Nxe7 Qc7 35. Qd5+ 1-0